书目信息 |
| 书名: | Manual of pulmonary function testing | |
| 作者: | Gregg E. Ruppel. | |
| 分册号: | ||
| 分册名: | 出版地: | St. Louis : |
|
| 出版社: | Mosby | |
| 出版时间: | c1994. | |
| 页数: | xv, 507 p. : | |
| 开本: | 25 cm. | |
| 丛书名: | ||
| 中图分类号: | ||
| 科图分类号: | ||
| 其他分类号: | R365 | |
| 主题词: | ||
| 电子资源: | ||
| 000 | 01054pam a2200301 a 450 | |
| 001 | E0760885495 | |
| 005 | 20070505165735.50 | |
| 008 | 930706s1994 moua bf 001 0 eng c | |
| 010 | @a93027962 | |
| 020 | @a0801677890. | |
| 035 | @A(DLC) 93027962 | |
| 040 | @aDNLM/DLC@cDLC@dDLC | |
| 050 | 00 | @aRC734.P84@bR86 1994 |
| 060 | 00 | @aWB 284 R946m 1993 |
| 082 | 00 | @a616.2/4075@2 20 |
| 090 | @aR365 | |
| 099 | @dR365@ex26=6 | |
| 100 | 1 | @aRuppel, Gregg,@d1948- |
| 245 | 10 | @aManual of pulmonary function testing / @cGregg E. Ruppel. |
| 250 | @a6th ed. | |
| 260 | @aSt. Louis :@bMosby,@cc1994. | |
| 300 | @axv, 507 p. :@bill. ;@c25 cm. | |
| 504 | @aIncludes bibliographical references and index. | |
| 650 | 0 | @aPulmonary function tests@xHandbooks, manuals, etc. |
| 650 | 2 | @aRespiratory Function Tests. |
| 906 | @a7@bcbc@corignew@d1@eocip@f19@gy-gencatlg | |
| 955 | @apc16 to nlm 07-07-93; yn05 to ASCD 07-09-93; jc02 07-09-93; jc03 07-12-93;aa03 7-13-93; CIP ver. pv07 12-27-93 | |
| 991 | @bc-GenColl@hRC734.P84@iR86 1994@tCopy 1@wBOOKS | |
| Manual of pulmonary function testing / / Gregg E. Ruppel.-6th ed.-St. Louis : : Mosby, , c1994. |
| xv, 507 p. : : ill. ; ; 25 cm. |
| Includes bibliographical references and index. |
| ISBN 0801677890. |
| ● |
| 相关链接 |
|
|
|
|
正题名:Manual of pulmonary function testing
索取号:R365/x26=6
 
预约/预借
| 序号 | 登录号 | 条形码 | 馆藏地/架位号 | 状态 | 备注 |
| 1 | 7071 | 300070713 | 第二样本阅览室/ [索取号:R365/x26=6] | 在馆 | |
| 2 | 7133 | 300071339 | 第四借阅区/ [索取号:R365/x26=6] | 在馆 |